| 000 | 00521nam a2200181 4500 | ||
|---|---|---|---|
| 003 | CEME | ||
| 005 | 20210628203105.0 | ||
| 008 | 210118b xxu||||| |||| 00| 0 eng d | ||
| 020 | _a81-312-0343-3 | ||
| 040 | _cceme | ||
| 082 | _a004.6 VAR | ||
| 100 |
_aVARGHESE, GEORGE _963259 |
||
| 245 | _aNetwork algorithmics , an interdisciplinary approach to designing fast networked devices | ||
| 260 |
_aNEW DELHI _bMORGAN KAUFMAN _c2005 |
||
| 300 | _aXVII,465 P | ||
| 650 |
_aNETWORK ALGORITHMICS _963260 |
||
| 942 |
_cBK _2ddc |
||
| 999 |
_c572137 _d572137 |
||